| 000 | 00734nam a2200193 i 4500 | ||
|---|---|---|---|
| 001 | 99807 | ||
| 003 | ES-MaACL | ||
| 005 | 20230906182546.0 | ||
| 007 | t| | ||
| 008 | 050919s1966 sp ||||1| spa d | ||
| 100 | 1 |
_aMartínez García, Juan. _978105 |
|
| 245 | 1 | 0 |
_aTransplante de riñón _b: Discurso de ingreso, constención del Sr. D. Ramón Sánchez Parra / _cJuan Martínez García; palabras de clausura Román Alberca Lorente. |
| 260 |
_aMurcia : _bAcademia de Medicina y Cirugía, _c1966. |
||
| 300 |
_a86 p., 5 lám. ; _c23 cm. |
||
| 700 | 1 |
_aRamón Sánchez, Parra. _995224 |
|
| 700 | 1 |
_aAlberca Lorente, Román. _919266 |
|
| 710 | 2 |
_aAcademia de Medidina y Cirugía (Murcia) _91189 |
|
| 852 |
_aES-MaACL _jC-29580 _bR.60022 |
||
| 999 |
_c99807 _d99807 |
||